Szczegóły MARC21

Partycypacja społeczna wehikułem rozwoju lokalnego /

003 -Nazwa inst., której nr kontr. jest w polu 001 [,]
    • @
    • Nazwa instytucji, której n kontrolny jest w polu 001
    • NUKAT
005 -DATA I CZAS OSTATNIEJ MODYFIKACJI [,]
    • @
    • pole kontrolne
    • 20241231100951.0
020 -Międzynarod. znormalizowany nr książki - ISBN [ , ]
    • a
    • Numer ISBN
    • 9788379722464 Find
040 -Instytucja sporządzająca opis [ , ]
    • a
    • Instytucja, która sporządziła opis (NP)
    • WR U/MB
    • b
    • Język katalogowania
    • pol
    • e
    • Zasady katalogowania
    • rda
    • c
    • Instytucja, która sporządziła rekord (NP)
    • WR U/MBs
    • d
    • Instytucja, która zmodyfikowała rekord (P)
    • WR U/hb
    • d
    • Instytucja, która zmodyfikowała rekord (P)
    • WA 14/MBs
942 -Rodzaj dokumentu [ , ]
    • c
    • Rodzaj dokumentu
    • Książka
100 -Hasło główne - nazwa osobowa [1, ]
    • a
    • Nazwa osobowa (NP)
    • Sadowska, Beata Helena.
    • e
    • Rodzaj współpracy
    • Autor
    • 9
    • KHW
    • 96316
245 -Strefa tytułu i oznaczenia odpowiedzialności [1,0]
    • a
    • Tytuł
    • Partycypacja społeczna wehikułem rozwoju lokalnego / Find
    • c
    • Pozostałe elementy strefy tytułu i oznaczenia odpowiedzialności (NP)
    • Beata Sadowska, Marta Szaja, Jolanta Włodarek.
250 -Strefa wydania [ , ]
    • a
    • Oznaczenie wydania (NP)
    • Wydanie I.
260 -Strefa adresu wydawniczego [ , ]
    • a
    • Miejsce wydania (P)
    • Szczecin :
    • b
    • Nazwa wydawcy (P)
    • Wydawnictwo Naukowe Uniwersytetu Szczecińskiego,
    • c
    • Data wydania (P)
    • 2019.
300 -Strefa opisu fizycznego [ , ]
    • a
    • Określenie formy książki i/lub objętość (NP)
    • 140 stron :
    • b
    • Oznaczenie ilustracji (NP)
    • ilustracje ;
    • c
    • Format (NP)
    • 21 cm.
336 -Typ zawartości [ , ]
    • a
    • Termin opisujący typ zawartości
    • Tekst
    • b
    • Kod określający zawartość
    • txt
    • 2
    • Źródło (terminu i kodu)
    • rdacontent
337 -Typ mediów [ , ]
    • a
    • Tryb odtwarzania
    • Bez urządzenia pośredniczącego
    • b
    • Kod typu mediów
    • n
    • 2
    • Źródło (terminu i kodu)
    • rdamedia
338 -Typ/rodzaj nośnika [ , ]
    • a
    • Hasło opisujące typ nośnika
    • Wolumin
    • b
    • Kod typu nośnika
    • nc
    • 2
    • Źródło (terminu i kodu)
    • rdacarrier
380 -Deskryptor - Forma dzieła (P) [ , ]
    • a
    • forma dzieła (NP)
    • Książki
380 -Deskryptor - Forma dzieła (P) [ , ]
    • a
    • forma dzieła (NP)
    • Publikacje naukowe
388 -Deskryptor - czas powstania dzieła (P) [1, ]
    • a
    • Czas powstania dzieła (NP)
    • 2001-
490 -Strefa serii i książki wielotomowej - forma nie do wyszukiwania [1, ]
    • a
    • Tytuł (P)
    • Rozprawy i Studia / Uniwersytet Szczeciński, Find
    • x
    • ISSN (NP)
    • 0860-2751 ;
    • v
    • Numeracja (P)
    • t. (1122) 1048
830 -Hasło dodatkowe serii i opisu książki wielotomowej - tytuł ujednolicony/tytuł [ ,0]
    • a
    • Tytuł ujednolicony/tytuł (NP)
    • Rozprawy i Studia - Uniwersytet Szczeciński
    • x
    • ISSN
    • 0860-2751
    • v
    • Oznaczenie tomu (NP)
    • t. 1048
    • 9
    • KHW
    • 700
504 -Uwaga dot. bibliogr. załącznikowej [ , ]
    • a
    • Uwaga dot. bibliografii załącznikowej
    • Akty prawne, bibliografia, netografia na stronach 119-127.
650 -Hasło przedmiotowe [ ,7]
    • a
    • Hasło przedmiotowe
    • Rozwój społeczności lokalnej.
    • 2
    • Źródło terminu
    • kaba
    • 9
    • KHW
    • 128390
650 -Hasło przedmiotowe [ ,7]
    • a
    • Hasło przedmiotowe
    • Udział społeczny.
    • 2
    • Źródło terminu
    • kaba
    • 9
    • KHW
    • 156086
650 -Hasło przedmiotowe [ ,7]
    • a
    • Hasło przedmiotowe
    • Partycypacja społeczna
    • 2
    • Źródło terminu
    • DBN
    • 9
    • KHW
    • 721539
650 -Hasło przedmiotowe [ ,7]
    • a
    • Hasło przedmiotowe
    • Prawo publiczne
    • 2
    • Źródło terminu
    • DBN
    • 9
    • KHW
    • 720924
650 -Hasło przedmiotowe [ ,7]
    • a
    • Hasło przedmiotowe
    • Rozwój regionalny
    • 2
    • Źródło terminu
    • DBN
    • 9
    • KHW
    • 724033
650 -Hasło przedmiotowe [ ,7]
    • a
    • Hasło przedmiotowe
    • Samorząd gminny
    • 2
    • Źródło terminu
    • DBN
    • 9
    • KHW
    • 743049
650 -Hasło przedmiotowe [ ,7]
    • a
    • Hasło przedmiotowe
    • Społeczeństwo obywatelskie
    • 2
    • Źródło terminu
    • DBN
    • 9
    • KHW
    • 727560
650 -Hasło przedmiotowe [ ,7]
    • a
    • Hasło przedmiotowe
    • Społeczności lokalne
    • 2
    • Źródło terminu
    • DBN
    • 9
    • KHW
    • 721821
651 -Hasło przedmiotowe w formie nazwy geograficznej [ ,7]
    • a
    • Nazwa geograficzna
    • Polska
    • 2
    • Źródło terminu
    • DBN
    • 9
    • KHW
    • 721438
655 -Hasło w funkcji tematu formalnego [ ,7]
    • a
    • Hasło
    • Monografia
    • 2
    • Źródło terminu
    • DBN
    • 9
    • KHW
    • 721273
658 -Ujęcie treści [ , ]
    • a
    • dziedzina nauki i sztuki/ sfera aktywności życiowej
    • Gospodarka, ekonomia, finanse
658 -Ujęcie treści [ , ]
    • a
    • dziedzina nauki i sztuki/ sfera aktywności życiowej
    • Prawo i wymiar sprawiedliwości
658 -Ujęcie treści [ , ]
    • a
    • dziedzina nauki i sztuki/ sfera aktywności życiowej
    • Socjologia i społeczeństwo
700 -Hasło dodatkowe - nazwa osobowa [1, ]
    • a
    • Nazwa osobowa (NP)
    • Szaja, Marta. Find
    • e
    • Określenie rodzaju współpracy
    • Autor
    • 9
    • KHW
    • 401552
700 -Hasło dodatkowe - nazwa osobowa [1, ]
    • a
    • Nazwa osobowa (NP)
    • Włodarek, Jolanta. Find
    • e
    • Określenie rodzaju współpracy
    • Autor
    • 9
    • KHW
    • 438773
710 -Hasło dodatkowe - nazwa ciała zbiorowego [2, ]
    • a
    • Nazwa ciała zbiorowego lub nazwa geograficzna jako pierwszy element (NP)
    • Uniwersytet Szczeciński.
    • b
    • Nazwa jednostki podrzędnej (P)
    • Wydawnictwo Naukowe.
    • e
    • Rodzaj współpracy
    • Wydawca
    • 4
    • Kod relacji
    • pbl
    • 9
    • KHW
    • 51208
920 -ISBN [ , ]
    • a
    • ISBN
    • 978-83-7972-246-4 Find
Sygnatura Numer inwentarzowy Status udost. Lokalizacja Data inwentaryzacji
 Z.1234521BG2019-03-04
TM.14556TM.14556-2T2019-03-04
TM.14557TM.14557-3T2019-03-04
TM.14558TM.14558-3T2019-03-04
TM.14559TM.14559-3T2019-03-04
TM.14560TM.14560-3T2019-03-04
TM.14561TM.14561-3T2019-03-04
TM.14562TM.14562-3T2019-03-04
TM.14563TM.14563-3T2019-03-04
TM.14564TM.14564-3T2019-03-04
TM.14565TM.14565-3T2019-03-04
T.20704T.20704-2T2019-03-04
TM.15646TM.15646-3T2021-09-20